LEADER 01499nam a2200313 u 4500 001 000000054923 003 CaOOAMICUS 005 20070226115728.0 008 010111s1976 it u000 u ita u 035 $a10865228 040 $aPUL(R)$bita 041 1 $aita$hfre 100 1 $aSartre, Jean-Paul,$d1905-1980.$0(OLS)http://pul/name/24998 240 10$aAutoportrait à 70 ans e Simone de Beauvoir interrge J.P. Sartre.$lItaliano.$0(OLS)http://pul/title/73603 245 10$aAutoritratto a settant'anni e Simone de Beauvoir interroga Sartre sul femminismo /$cJean Paul Sartre ; introduzione di Massimo Gallerani ; traduzione di Mara Cantoni e Massimo Gallerani. 260 $aMilano :$bIl Saggiatore,$c1976. 300 $a130 p. ; 490 1 $aI Gabbiani ;$v125 650 4$aFemminismo.$0(OLS)http://pul/subject/18784 700 1 $aCantoni, Mara.$0(OLS)http://pul/name/38807 700 1 $aGallerani, Massimo.$0(OLS)http://pul/name/38806 700 1 $aBeauvoir, Simone de,$d1908-1986.$0(OLS)http://pul/name/38644 830 2$aI Gabbiani ;$v125.$0(OLS)http://pul/title/11385 850 $aPUL 852 $aPUL$W1$xDP1 Fondo Giannini$y60$m1562 A 42$j72276$nBK-PRI$b $qFondi$B72276$CPULBib$Z2$F72276 $H $81 941 1 $a1 961 $aINV: Fondo Giannini 996 $6245$aAutoritratto a settant'anni e Simone de Beauvoir interroga Sartre sul femminismo$9(OLS)http://pul/title/73604 996 $6260$aMilano :$bIl Saggiatore$9(OLS)http://pul/publisher/49408 LEADER 01492naa a2200289 a 4500 001 000000158467 003 CaOOAMICUS 005 20170201104535.0 008 170201s2016 vc o u000 u ita r 032 $aLibriCat 040 $aPUL$bita 082 04$a241 110 2 $aPontificio consiglio "Cor Unum".$bCongresso internazionale$d(2016 :$cRoma).$0(OLS)http://pul/name/101208 245 10$aAtti del congresso internazionale La carità non avrà mai fine :$bprospettive a 10 anni dall'Enciclica Deus caritas est, Città del Vaticano 25-26 febbraio 2016. 260 $a[S.l. :$bs.n.]$e(Città del Vaticano :$fTipografica Vaticana,$g2016) 300 $a197 p. :$bfoto. ;$c24 cm. 500 $aIn testa al front.: Pontificium Consilium Cor Unum. 504 $aBibliografia in nota. 610 24$aPapi (2005-2013 : Benedictus XVI)$tSacramentum caritatis$xCommenti.$0(OLS)http://pul/subject/33783 650 4$aCarità.$0(OLS)http://pul/subject/670 850 $aPUL 852 $aPUL$W1$xSL Religione 3$y85$m241 COR 1$j181790$qDDC 21$B184948$CPULBib$Z2$F184948 $H128898 $81 941 1 $a9 996 $6082$a241$9(OLS)http://pul/classification/246 996 $6245$aAtti del congresso internazionale La carità non avrà mai fine :$bprospettive a 10 anni dall'Enciclica Deus caritas est, Città del Vaticano 25-26 febbraio 2016$9(OLS)http://pul/title/198091 996 $6260$a[S.l. :$bs.n.]$9(OLS)http://pul/publisher/81594